Praktické využitie materiálnych didaktických prostriedkov na Katedre pedagogiky NHF EU v Bratislave

Popis systému využitia materiálnych, ako aj nemateriálnych didaktických prostriedkov počas dvojročného štúdia, doplňujúceho pedagogického štúdia na Katedre pedagogiky a aplikácia poznatkov pri jednom z najpraktickejších ekonomických predmetov, cvičnej firme.

Salvato in:
Dettagli Bibliografici
Autore principale: Pasiar, Ladislav, 1984-
Natura: Capitolo di libro
Lingua:slovacco
Soggetti:
Tags: Aggiungi Tag
Nessun Tag, puoi essere il primo ad aggiungerne!!

MARC

LEADER 00000nla$a2200000$$$4500
001 0118481
005 20240502083309.9
041 0 |a slo 
044 |a CZ 
245 1 0 |a Praktické využitie materiálnych didaktických prostriedkov na Katedre pedagogiky NHF EU v Bratislave  |c Ladislav Pasiar 
520 |a Popis systému využitia materiálnych, ako aj nemateriálnych didaktických prostriedkov počas dvojročného štúdia, doplňujúceho pedagogického štúdia na Katedre pedagogiky a aplikácia poznatkov pri jednom z najpraktickejších ekonomických predmetov, cvičnej firme. 
610 2 0 |a výučba vedecká 
610 2 0 |a pedagogika 
610 2 0 |a digitalizácia 
610 2 0 |a Ekonomická univerzita v Bratislave 
100 1 |a Pasiar, Ladislav, 1984-